000 00753nam a22002417a 4500
001 19150
003 BD-RjUL
005 20211209000406.0
008 140223r19941993ii a|||| |||| 001 0 eng d
020 _a8121901456 (1994)
035 _a(BD-RjUL)19208
040 _aBD-RjUL
_beng
_cBD-RjUL
_dBD-RjUL
041 _aeng
082 0 4 _a571.32
_bPAP 1994
100 1 _aPandey, B. P.
_946190
245 1 0 _aPlant anatomy :
_b(Including embryology and morphogenesis of angiosperms) /
_cby B. P. Pandey
250 _a5th ed.
260 _aNew Delhi :
_b S. Chand & Comp,
_c1993 [Reprinted 1994]
300 _aix, 644 p. :
_bill. ;
_c24cm.
504 _aIncludes bibliographical references and Index
650 _aPlant Anatomy.
_9210575
942 _2ddc
_cBK
999 _c19150
_d19150